Greek Mythology Trios Quiz Stats

 Plays Quiz Updated Feb 6, 2015

Also try: Greek Muses
Challenge
Share
Tweet
Embed
Score 0/18 Timer 06:00
0 Plays Today
Threesome Goddess % Correct
GorgonsMedusa
94.8%
Moirai (Fates)Clotho
27.9%
Moirai (Fates)Atropos
21.7%
GorgonsStheno
21.2%
Erinyes (Furies)Alecto
20.8%
Moirai (Fates)Lachesis
20.7%
GorgonsEuryale
19.7%
Charites (Graces)Thalia
16.9%
Erinyes (Furies)Megaera
14.1%
Threesome Goddess % Correct
Erinyes (Furies)Tisiphone
14%
Graeae (Grey Witches)Enyo
11.3%
HarpiesAello
11.3%
Graeae (Grey Witches)Deino
10.6%
Charites (Graces)Aglaea
10.1%
Charites (Graces)Euphrosyne
9.9%
Graeae (Grey Witches)Pemphredo
8.8%
HarpiesOcypete
8.3%
HarpiesCelaeno
7.9%

You're not logged in!

Compare scores with friends on all Sporcle quizzes.
Join for Free
OR
Log In

You Might Also Like...

Show Comments

Extras

Top Quizzes Today


Score Distribution

Your Account Isn't Verified!

In order to create a playlist on Sporcle, you need to verify the email address you used during registration. Go to your Sporcle Settings to finish the process.

Report this User

Report this user for behavior that violates our Community Guidelines.

Details: